| 000 | 00463nam a2200169 a 4500 | ||
|---|---|---|---|
| 005 | 20260417125521.0 | ||
| 008 | 260407s2026##################000#0#eng## | ||
| 020 |
_a9781405703031 _qhbk |
||
| 082 | 0 | 4 | _a341.481026 BUT.18 |
| 100 | _aMcBride,Jeremy | ||
| 245 | 1 | 0 | _aButterworths Human Rights Cases |
| 250 | _a1st ed. | ||
| 260 |
_aChippenham: _bLexisNexis Butterworths, _c2005. |
||
| 300 |
_axii,708p. _c;24cm. |
||
| 650 | _aHuman Rights Law | ||
| 942 | _cENGLISH | ||
| 999 |
_c619007 _d619007 |
||